Bunnies in the bathroom / (Record no. 5943)

MARC details
000 -LEADER
fixed length control field 00951nam a22003017a 4500
001 - CONTROL NUMBER
control field 5943
003 - CONTROL NUMBER IDENTIFIER
control field FISKH
005 - DATE AND TIME OF LATEST TRANSACTION
control field 20250210152101.0
008 - FIXED-LENGTH DATA ELEMENTS--GENERAL INFORMATION
fixed length control field 250210b cb ||||| |||| 00| 0 eng d
020 ## - INTERNATIONAL STANDARD BOOK NUMBER
International Standard Book Number 9780340619339
040 ## - CATALOGING SOURCE
Original cataloging agency FISKH
Language of cataloging eng
Transcribing agency FISKH
Modifying agency FISKH
050 ## - LIBRARY OF CONGRESS CALL NUMBER
Classification number PZ7.D2193 B
082 ## - DEWEY DECIMAL CLASSIFICATION NUMBER
Classification number 823.914
100 ## - MAIN ENTRY--PERSONAL NAME
Personal name Daniels, Lucy
Dates associated with a name (1958-)
245 ## - TITLE STATEMENT
Title Bunnies in the bathroom /
Statement of responsibility, etc. Lucy Daniels ; Illustrations By Shelagh McNicholas
250 ## - EDITION STATEMENT
Edition statement This edition first published in 1995
260 ## - PUBLICATION, DISTRIBUTION, ETC.
Place of publication, distribution, etc. London :
Name of publisher, distributor, etc. A division of Hodder Headline;
Date of publication, distribution, etc. 1995.
300 ## - PHYSICAL DESCRIPTION
Extent 153 pages :
Other physical details illustrations ;
Dimensions 20 cm
505 ## - FORMATTED CONTENTS NOTE
Formatted contents note P<br/>
520 ## - SUMMARY, ETC.
Summary, etc. Mandy and James try to find the new owner of two rabbits which John wants to buy.<br/>
521 8# - TARGET AUDIENCE NOTE
Target audience note 610<br/>
Source Lexile<br/>
521 8# - TARGET AUDIENCE NOTE
Target audience note P<br/>
Source Raz-Plus<br/>
650 ## - SUBJECT ADDED ENTRY--TOPICAL TERM
Source of heading or term Animals
Topical term or geographic name entry element Rabbits
650 ## - SUBJECT ADDED ENTRY--TOPICAL TERM
Source of heading or term Veterinarian
Topical term or geographic name entry element Children's
700 ## - ADDED ENTRY--PERSONAL NAME
Personal name McNicholas, Shelagh
Dates associated with a name illustrator
942 ## - ADDED ENTRY ELEMENTS (KOHA)
Source of classification or shelving scheme Dewey Decimal Classification
Koha item type Books
Suppress in OPAC No
Holdings
Withdrawn status Lost status Source of classification or shelving scheme Damaged status Not for loan Collection Home library Current library Shelving location Date acquired Total Checkouts Full call number Barcode Date last seen Copy number Price effective from Koha item type
    Dewey Decimal Classification     Juvenile Fiction Footprints International School Library Network Toul Kork Campus Footprints International School Library Network Toul Kork Campus TTP Primary Yellow Bookshelves 02/10/2025   DAN 823.914 PZ7.D2193 B 2025-0482 02/10/2025 1 02/10/2025 Books